000 00297nam a2200121Ia 4500
001 8273
005 20250206054301.0
008 250205t9999||||xx |||||||||||||| ||spa||
100 _aSIMONE NETTINGSMEIER
245 0 _aCONOCE EL CUERPO DE BOMBEROS
250 _a1
260 _aDinamarca
_bFORLAGET BOLDEN
_c
999 _c6524
_d6524